MARC

LEADER 00000nam0a2200000 4500
001 248104
005 20231101232346.0
035 |a (RuTPU)RU\TPU\book\269778 
090 |a 248104 
100 |a 20140117d1964 k y0rusy50 ca 
101 0 |a rus 
102 |a BY 
105 |a y a 000zy 
200 1 |a Химия в изданиях ученых Белоруссии  |e библиографический указатель литературы 1945-1963 гг.  |f Академия наук Белорусской ССР (АН БССР) ; под ред. Г. Н. Артюшевского 
210 |a Минск  |c Наука и техника  |d 1964 
215 |a 227 с. 
606 1 |a Библиографические пособия  |x По химии  |2 stltpush  |3 (RuTPU)RU\TPU\subj\28562  |9 52080 
606 1 |a Химия  |2 stltpush  |3 (RuTPU)RU\TPU\subj\17362  |9 43035 
610 1 |a химическая кинетика 
610 1 |a коллоидная химия 
610 1 |a геохимия 
610 1 |a электрохимия 
610 1 |a генезис 
610 1 |a физико-химия 
610 1 |a химическая технология 
610 1 |a вяжущие вещества 
610 1 |a указатели 
610 1 |a библиографические издания 
675 |a 54(01)  |v 3 
686 |a Я19:54  |v LBC/SL-A  |2 rubbk 
702 1 |a Артюшевский  |b Г. Н.  |4 340 
712 0 2 |a Академия наук Белорусской ССР (АН БССР)  |c (1936-1991)  |2 stltpush  |3 (RuTPU)RU\TPU\col\1973 
801 1 |a RU  |b 63413507  |c 20140117 
801 2 |a RU  |b 63413507  |c 20140423  |g RCR 
942 |c BK